| 000 | 01741nam a2200373 a 4500 | ||
|---|---|---|---|
| 001 | ebr10294397 | ||
| 003 | CaPaEBR | ||
| 006 | m u | ||
| 007 | cr cn||||||||| | ||
| 008 | 760625s1961 utuab sb 000 0 eng d | ||
| 020 | _z9781607818755 | ||
| 040 |
_aCaPaEBR _cCaPaEBR |
||
| 035 | _a(OCoLC)647755502 | ||
| 043 |
_an-us-ut _an-us-az |
||
| 050 | 1 | 4 |
_aF832.G5 _bS53 1961eb |
| 100 | 1 | _aSharrock, Floyd W. | |
| 245 | 1 | 0 |
_a1960 excavations, Glen Canyon area _h[electronic resource] / _cby Floyd W. Sharrock ... [et al.] ; with appendices by Don D. Fowler and Christy G. Turner II ; and an addendum by David M. Pendergast. |
| 260 |
_aSalt Lake City : _bUniversity of Utah Press, _c1961. |
||
| 300 |
_axiv, 360, v, 12 p. : _bill., maps. |
||
| 490 | 1 |
_aUniversity of Utah. Department of Anthropology. Anthropological papers ; _vno. 52 |
|
| 490 | 1 |
_aGlen Canyon series ; _vno. 14 |
|
| 504 | _aIncludes bibliographical references. | ||
| 533 |
_aElectronic reproduction. _bPalo Alto, Calif. : _cebrary, _d2013. _nAvailable via World Wide Web. _nAccess may be limited to ebrary affiliated libraries. |
||
| 650 | 0 |
_aIndians of North America _xAntiquities. |
|
| 651 | 0 |
_aGlen Canyon (Utah and Ariz.) _xAntiquities. |
|
| 655 | 7 |
_aElectronic books. _2local |
|
| 700 | 1 |
_aFowler, Don D., _d1936- |
|
| 700 | 1 | _aTurner, Christy G. | |
| 700 | 1 | _aPendergast, David M. | |
| 710 | 2 | _aebrary, Inc. | |
| 830 | 0 |
_aAnthropological papers (University of Utah. Dept. of Anthropology) ; _vno. 52. |
|
| 830 | 0 |
_aAnthropological papers (University of Utah. Dept. of Anthropology). _pGlen Canyon series ; _vno. 14. |
|
| 856 | 4 | 0 |
_uhttp://site.ebrary.com/lib/rucke/Doc?id=10294397 _zAn electronic book accessible through the World Wide Web; click to view |
| 999 |
_c76592 _d76592 |
||